Statistics for Historical Rulers #1

Click here to take the quiz!

General Stats

  • This quiz has been taken 94,683 times
  • The average score is 15 of 22

Answer Stats

RulerNation% Correct
Julius CaesarRome
99%
Queen Elizabeth IEngland
97%
NapoleonFrance
97%
TutankhamunEgypt
92%
Kaiser Wilhelm IIGermany
91%
HirohitoJapan
91%
Ferdinand & IsabellaSpain
90%
Genghis KhanMongol Empire
88%
Catherine the GreatRussia
86%
Franz Joseph IAustria
75%
LeonidasSparta
68%
Moctezuma IIAztec Empire
65%
SolomonIsrael
64%
Mehmed IIOttoman Empire
61%
Cyrus the GreatPersia
60%
Robert the BruceScotland
59%
Nebuchadnezzar IIBabylon
50%
Cosimo de' MediciFlorence
49%
AtahuallpaIncan Empire
49%
Haile SelassieEthiopia
48%
Otto the GreatHoly Roman Empire
28%
OdysseusIthaca
23%

Score Distribution

Percentile by Number Answered

Percent of People with Each Score

Your Score History

You have not taken this quiz